000 00605nam a2200241Ia 4500
003 OSt
005 20220912145735.0
006 a|||||r|||| 00| 0
007 ta
008 220909b |||||||| |||| 00| 0 eng d
024 _a74640
037 _cTextbook
040 _aCSL
_beng
_cCSL
041 _aeng
082 _aE2136, 113G5
100 _aJorgensen Holger
245 0 _aWassweatoffionen konzentration
260 _c1935
300 _ap.
_ccm.
700 _a Sorensen S P L
942 _hE2136, 113G5
_cTB
_2CC
999 _c37269
_d37269